LEADER 01090nam0-2200373---450- 001 990009181490403321 005 20141104184803.0 035 $a000918149 035 $aFED01000918149 035 $a(Aleph)000918149FED01 035 $a000918149 100 $a20100504d1970----km-y0itay50------ba 101 0 $aita 102 $aIT 105 $ay-------001yy 200 1 $a<>congressi dela CGIL 210 $aRoma$cEditrice sindacale italiana$d1970 215 $a8 v.$d25 cm 710 02$aCGIL$9$0374915 801 0$aIT$bUNINA$gRICA$2UNIMARC 901 $aBK 912 $a990009181490403321 952 $aDPR 28-241/A$b4561/a$fDEC 952 $aDPR 28-241/B$b4561/b$fDEC 952 $aDPR 28-241/C$b4561/c$fDEC 952 $aDPR 28-241/D$b4561/d$fDEC 952 $aDPR 28-241/E$b4561/e$fDEC 952 $aDPR 28-241/F$b4561/f$fDEC 952 $aDPR 28-241/G$b4561/h$fDEC 952 $aDPR 28-241/H$b4561/g$fDEC 952 $aDPR 28-320/VII$b5108$fDEC 959 $aDEC 996 $aCongressi dela CGIL$9779746 997 $aUNINA